000 00571nam a2200205Ia 4500
003 GCL
008 140319s9999 xx 000 0 ara d
040 _aGCL /
_cGCL
082 0 4 _aط
_b502
_bم س
100 1 _aمكتبة لبنان
245 1 0 _aدورة الطبيعة /
_cمكتبة لبنان
260 _a[S.N] :
_bمكتبة لبنان
300 _aمتعددة
490 _aسلسلة حافظوا على البيئة
_v0
650 0 4 _aالاطفال
650 0 4 _aالطاقة
650 0 4 _aالبحار
650 0 4 _aالطبيعة
942 _2ddc
_cBK
999 _c33106
_d33106